Quantitative mass spectroscopy in life sciences (Record no. 28983)
[ view plain ]
| 000 -LEADER | |
|---|---|
| fixed length control field | 00326nam a2200121Ia 4500 |
| 082 ## - DEWEY DECIMAL CLASSIFICATION NUMBER | |
| Classification number | 543.51 |
| Item number | DEL |
| 100 ## - MAIN ENTRY--AUTHOR NAME | |
| Personal name | De Leenheer, A P |
| 245 #0 - TITLE STATEMENT | |
| Title | Quantitative mass spectroscopy in life sciences |
| 260 ## - PUBLICATION, DISTRIBUTION, ETC. (IMPRINT) | |
| Place of publication | Amsterdam |
| Name of publisher | Elseevier |
| Year of publication | 1977 |
| 700 ## - ADDED ENTRY--PERSONAL NAME | |
| Personal name | Roncucci, R R |
| 942 ## - ADDED ENTRY ELEMENTS (KOHA) | |
| Koha item type | Books |
| Withdrawn status | Lost status | Damaged status | Not for loan | Home library | Current library | Date acquired | Cost, normal purchase price | Full call number | Accession Number | Koha item type |
|---|---|---|---|---|---|---|---|---|---|---|
| RRII Library | RRII Library | 16/12/2021 | 74.00 | 543.51 DEL | 09574 | Books |